Three-Word Best Pictures by Image Quiz Stats

 Plays Quiz Updated Jul 28, 2017

Support Sporcle.
Go Orange.
Score 0/24 Timer 06:00
2 Plays Today
% Correct
Million Dollar Baby
93.4%
Driving Miss Daisy
91.7%
Lawrence of Arabia
89.3%
West Side Story
85.6%
The King's Speech
85.6%
A Beautiful Mind
83.3%
Shakespeare in Love
78.3%
Chariots of Fire
76%
My Fair Lady
73.2%
Kramer vs. Kramer
73.1%
Dances with Wolves
70%
The Hurt Locker
67.8%
% Correct
Out of Africa
67.1%
The English Patient
65.6%
The Last Emperor
62.9%
On the Waterfront
61.4%
The French Connection
56%
Terms of Endearment
51.2%
The Deer Hunter
48.5%
All About Eve
44.3%
Going My Way
22.6%
The Lost Weekend
19.3%
The Great Ziegfeld
11.4%
The Broadway Melody
10%

You're not logged in!

Compare scores with friends on all Sporcle quizzes.
OR
Log In
Forgot?

From the Vault

Right-Handed Typing Challenge

by kfastic

90% of the population is right-handed. So this quiz should be 90% easier than the left-hand version, right?
Remove Ads.
Support Sporcle.
Get the best of Sporcle when you Go Orange. This ad-free experience offers more features, more stats, and more fun while also helping to support Sporcle. Thank you for becoming a member.

Show Comments

Extras

Top Quizzes Today


Score Distribution

Your Account Isn't Verified!

In order to create a playlist on Sporcle, you need to verify the email address you used during registration. Go to your Sporcle Settings to finish the process.

Report this User

Report this user for behavior that violates our Community Guidelines.

Details: